Conservation officers struggle (Record no. 72462)

MARC details
000 -LEADER
fixed length control field 01033cam a2200193 4500
001 - CONTROL NUMBER
control field WB3914-05
008 - FIXED-LENGTH DATA ELEMENTS--GENERAL INFORMATION
fixed length control field 030408n2003 000 0 eng u
035 ## - SYSTEM CONTROL NUMBER
System control number (Sirsi) u121927
245 ## - TITLE STATEMENT
Title Conservation officers struggle
260 ## - PUBLICATION, DISTRIBUTION, ETC.
Date of publication, distribution, etc. 2003
490 ## - SERIES STATEMENT
Series statement English Heritage Press Release
Volume/sequential designation 28 March 2003 (2)
520 ## - SUMMARY, ETC.
Summary, etc. An English Heritage survey reveals that conservation officers are failing to protect and promote England's historic environment because they are over-worked and under-resourced. Over 80% of survey respondents said they have no time to enforce repairs or prosecute illegal alterations. "Local authority conservation provision in England" available at www.english-heritage.org.uk/default.asp?WCI=WebItem&WCE=3386. www.english-heritage.org.uk/default.asp?WCI=NewsItem&WCE=258.
590 ## - LOCAL NOTE (RLIN)
Local note WB
650 ## - SUBJECT ADDED ENTRY--TOPICAL TERM
Topical term or geographic name entry element CONSERVATION MANAGEMENT
650 ## - SUBJECT ADDED ENTRY--TOPICAL TERM
Topical term or geographic name entry element CONSERVATION OFFICERS
650 ## - SUBJECT ADDED ENTRY--TOPICAL TERM
Topical term or geographic name entry element HISTORIC ENVIRONMENT
690 ## - LOCAL SUBJECT ADDED ENTRY--TOPICAL TERM (OCLC, RLIN)
Topical term or geographic name as entry element BUILT ENVIRONMENT-BUILDING MAINTENANCE AND REFURBISHMENT-BUILDING CONSERVATION
942 ## - ADDED ENTRY ELEMENTS (KOHA)
Suppress in OPAC 0
Holdings
Withdrawn status Lost status Source of classification or shelving scheme Damaged status Not for loan Home library Current library Shelving location Date acquired Total Checkouts Full call number Barcode Date last seen Copy number Price effective from Koha item type
    Dewey Decimal Classification     London London News article 08/04/2003   WB3914-05 121927-1001 06/08/2019 1 06/08/2019 News article